000 00345nam a22001217a 4500
008 180423b xxu||||| |||| 00| 0 eng d
041 _aeng
080 _a043.3
100 _a0
101 _aSHKI-BA
245 _aZgjidhja e Problemeve te Transportit ne Rrjetat Telekomunikuese duke kaluar ne Ran-in e bazuar ne IP
_cAhmeti, M
942 _2udc
_cBK
999 _c45434
_d45434